Financial Statement Analysis and Security Valuation (Record no. 6288)

MARC details
000 -LEADER
fixed length control field 00605nam a22002177a 4500
003 - CONTROL NUMBER IDENTIFIER
control field OSt
005 - DATE AND TIME OF LATEST TRANSACTION
control field 20190903093151.0
008 - FIXED-LENGTH DATA ELEMENTS--GENERAL INFORMATION
fixed length control field 190903b ||||| |||| 00| 0 eng d
020 ## - INTERNATIONAL STANDARD BOOK NUMBER
International Standard Book Number 9780071326407
040 ## - CATALOGING SOURCE
Transcribing agency DDC
082 ## - DEWEY DECIMAL CLASSIFICATION NUMBER
Classification number 657.3 PEN 2013
100 ## - MAIN ENTRY--PERSONAL NAME
Personal name Penman,H.Stephen.
9 (RLIN) 7749
245 ## - TITLE STATEMENT
Title Financial Statement Analysis and Security Valuation
250 ## - EDITION STATEMENT
Edition statement 5th ed
260 ## - PUBLICATION, DISTRIBUTION, ETC. (IMPRINT)
Place of publication, distribution, etc. New York;
Name of publisher, distributor, etc. McGraw-hill,
Date of publication, distribution, etc. 2013
300 ## - PHYSICAL DESCRIPTION
Extent xxxvi,740p;
Other physical details ill:
Dimensions 25.5cm
504 ## - BIBLIOGRAPHY, ETC. NOTE
Bibliography, etc Appendix, & index included
650 ## - SUBJECT ADDED ENTRY--TOPICAL TERM
Topical term or geographic name as entry element Financial statement
9 (RLIN) 12906
650 ## - SUBJECT ADDED ENTRY--TOPICAL TERM
Topical term or geographic name as entry element Financial evaluation
9 (RLIN) 12907
942 ## - ADDED ENTRY ELEMENTS (KOHA)
Source of classification or shelving scheme Other/Generic Classification Scheme
Koha item type Book
Holdings
Withdrawn status Lost status Source of classification or shelving scheme Damaged status Not for loan Home library Current library Date acquired Source of acquisition Inventory number Total Checkouts Full call number Barcode Date last seen Koha item type Price effective from
    Dewey Decimal Classification     Faculty of Management Science Library Faculty of Management Science Library 03/09/2019 Purchase 19/40709   657.3 PEN 2013 2019-0358 03/09/2019 Short Loan  
    Dewey Decimal Classification     Faculty of Management Science Library Faculty of Management Science Library 03/09/2019 Purchase 19/40710   657.3 PEN 2013 2019-0359 03/09/2019 Short Loan  
    Dewey Decimal Classification     Faculty of Management Science Library Faculty of Management Science Library 03/09/2019 Purchase 19/40711   657.3 PEN 2013 2019-0360 03/09/2019 Short Loan  
    Dewey Decimal Classification     Faculty of Management Science Library Faculty of Management Science Library 09/12/2021 Purchase 17/40174   657.3 PEN 2013 2021-2102 09/12/2021 Book 09/12/2021
    Dewey Decimal Classification     Faculty of Management Science Library Faculty of Management Science Library 09/12/2021 Purchase 17/40173   657.3 PEN 2013 2021-2103 09/12/2021 Book 09/12/2021